[Event "Retro WM 84 Glasgow"]
[Site "Salzgitter"]
[Date "2020.02.23"]
[Round "8"]
[White "Petrosjan Glasgow TM , 20 MHz"]
[Black "Sandy TSB 4 La Regence , 8 MHz"]
[Result "1-0"]
[WhiteElo "1830"]
[BlackElo "1730"]
[PlyCount "125"]

1. d4 Nf6 2. Nf3 e6 3. Bf4 Nc6 4. Nc3 Bb4 5. e3 Nd5 6. Qd3 Nxf4 7. exf4 d5 8.
O-O-O Qd6 9. g3 a5 10. Nb5 Qd8 11. a3 Be7 12. Bg2 O-O 13. Kb1 f5 14. Rhe1 a4
15. Nc3 Bd7 16. Qe3 Na5 17. Nxd5 Bxa3 18. Ne5 Bxb2 19. Kxb2 Bc6 20. Nxc6 Nc4+
21. Ka2 Nxe3 22. Nxd8 Nxg2 23. Nxe6 Nxe1 24. Rxe1 Rf7 25. Nexc7 Rd8 26. Ka3 h6
27. Kxa4 Rdd7 28. Re8+ Kh7 29. Rc8 h5 30. c4 Kg6 31. Nb5 Kh6 32. Rh8+ Kg6 33.
Nb6 Rde7 34. Nd6 Rf6 35. Nd5 b5+ 36. Kxb5 Re2 37. Nxf6 Kxf6 38. Rxh5 g6 39. Rh7
Rb2+ 40. Kc6 g5 41. Ne8+ Kg6 42. Rg7+ Kh5 43. Rxg5+ Kh6 44. Ng7 Rxf2 45. Nxf5+
Kh7 46. h4 Kh8 47. c5 Ra2 48. Kd6 Ra6+ 49. c6 Ra8 50. c7 Ra6+ 51. Kd7 Ra7 52.
Rh5+ Kg8 53. Ne7+ Kg7 54. Rg5+ Kf6 55. Ng8+ Kf7 56. Nh6+ Kf6 57. h5 Rxc7+ 58.
Kxc7 Ke6 59. d5+ Ke7 60. d6+ Ke6 61. d7 Ke7 62. d8=Q+ Ke6 63. Qd6# 1-0

[Event "Retro WM 84 Glasgow"]
[Site "Salzgitter"]
[Date "2020.02.23"]
[Round "27"]
[White "Sandy TSB 4 La Regence , 8 MHz"]
[Black "Petrosjan Glasgow TM , 20 MHz"]
[Result "0-1"]
[WhiteElo "1730"]
[BlackElo "1830"]
[PlyCount "90"]

1. e4 e6 2. d4 d5 3. Nd2 c5 4. exd5 Qxd5 5. Ndf3 Nc6 6. c4 Qd8 7. Be3 cxd4 8.
Bxd4 Nxd4 9. Qxd4 Bb4+ 10. Kd1 Qf6 11. Bd3 a5 12. Ne2 Bd7 13. a3 Ba4+ 14. Kc1
Qh6+ 15. Nf4 Rd8 16. Qe3 Bc5 17. Qd2 Bxf2 18. g4 Rxd3 19. Nxd3 Be3 20. g5 Bxd2+
21. Kxd2 Qh3 22. Rhf1 Bc6 23. Nde5 Qg2+ 24. Kc3 Ne7 25. Rad1 Nf5 26. Rd8+ Kxd8
27. Rg1 Qf2 28. Nxf7+ Ke8 29. N7e5 Bxf3 30. Rc1 Qe3+ 31. Nd3 Be2 32. Kb3 Bxd3
33. Rc3 Qd2 34. Ka4 Qxb2 35. Rxd3 Qc2+ 36. Kxa5 Qxd3 37. Kb6 Qxc4 38. Kxb7 Qb5+
39. Kc7 e5 40. a4 Qc5+ 41. Kb7 Kd7 42. h3 e4 43. Ka6 e3 44. a5 Ra8+ 45. Kb7
Qa7# 0-1

[Event "Retro WM 84 Glasgow"]
[Site "Salzgitter"]
[Date "2020.03.09"]
[Round "16"]
[White "Chafitz ARB 4.0 50 S TM , 16 MHz"]
[Black "Petrosjan Glasgow TM , 20 MHz"]
[Result "1-0"]
[WhiteElo "1885"]
[BlackElo "1830"]
[PlyCount "109"]

1. c4 c6 2. Nf3 d5 3. b3 Bg4 4. Ne5 Bf5 5. d4 e6 6. Nc3 Nf6 7. Bb2 Bb4 8. a3
Bd6 9. c5 Bxe5 10. dxe5 Nfd7 11. b4 O-O 12. e3 Nxe5 13. Nxd5 Nbd7 14. Nc3 Qh4
15. g3 Qe7 16. f4 Bg4 17. Be2 Bxe2 18. Qxe2 Ng6 19. Rd1 f5 20. h4 Nf6 21. h5
Nh8 22. h6 Rfd8 23. Rxd8+ Rxd8 24. e4 Qd7 25. a4 Nf7 26. hxg7 Qd3 27. Qxd3 Rxd3
28. exf5 exf5 29. Nb5 Ne4 30. Nxa7 Re3+ 31. Kf1 Rb3 32. Rh2 Nxg3+ 33. Kg1 Rxb4
34. Rg2 Nh5 35. Nc8 Re4 36. Be5 Nh6 37. Ne7+ Kf7 38. Nxf5 Ng4 39. Rxg4 Nxg7 40.
Nd6+ Ke6 41. Nxe4 Nf5 42. Nd6 Ne3 43. Rh4 h5 44. Rxh5 Nc2 45. Nxb7 Nb4 46. Rh6+
Kd7 47. Rd6+ Ke8 48. f5 Ke7 49. f6+ Kf7 50. Nd8+ Kf8 51. Re6 Nd3 52. Bd6+ Kg8
53. f7+ Kg7 54. f8=Q+ Kh7 55. Rh6# 1-0

[Event "Retro WM 84 Glasgow"]
[Site "Salzgitter"]
[Date "2020.03.09"]
[Round "35"]
[White "Petrosjan Glasgow TM , 20 MHz"]
[Black "Chafitz ARB 4.0 50 S TM , 16 MHz"]
[Result "1-0"]
[WhiteElo "1830"]
[BlackElo "1885"]
[PlyCount "159"]

1. d4 Nf6 2. Nf3 g6 3. Nc3 d5 4. Bf4 Bg7 5. h3 O-O 6. e3 Nh5 7. Bh2 c6 8. Bd3
Na6 9. Bxa6 bxa6 10. O-O Qb6 11. b3 Bf5 12. Na4 Qb4 13. a3 Qb5 14. Nc3 Qb6 15.
g4 Be6 16. Na4 Qb5 17. gxh5 Bxh3 18. Re1 gxh5 19. Qd3 e6 20. c4 dxc4 21. Qxc4
Bg4 22. Ne5 Rac8 23. Nc5 a5 24. a4 Qb4 25. Ncd3 Qb7 26. Rac1 Bf6 27. Nc5 Qe7
28. Ncd7 Bxe5 29. Nxe5 Qg5 30. Qc3 Bh3+ 31. Bg3 h4 32. Nf3 Qd5 33. e4 Qh5 34.
Nxh4 Qg5 35. Nf3 Qg7 36. Ne5 f5 37. exf5 exf5 38. Qc4+ Kh8 39. Kh2 Bg4 40. Qc5
f4 41. Bh4 Qh6 42. Qe7 Be6 43. Nxc6 Bxb3 44. Qe5+ Qg7 45. Qxa5 Rce8 46. Rxe8
Rxe8 47. d5 Rg8 48. Qc3 Qxc3 49. Rxc3 Bxd5 50. Ne7 Be6 51. Bf6+ Rg7 52. Rd3 h5
53. Ng6+ Kg8 54. Bxg7 Kxg7 55. Nxf4 Bf7 56. Rd6 Kf8 57. Kg3 Bc4 58. Rd7 a6 59.
Ra7 h4+ 60. Kxh4 Ke8 61. Ng6 Kd8 62. f4 Kc8 63. f5 Kb8 64. Rd7 Kc8 65. Ne5 Bb3
66. Ra7 Bxa4 67. Kg5 Bb3 68. f6 a5 69. Kf4 a4 70. f7 Bxf7 71. Nxf7 Kb8 72. Rxa4
Kc7 73. Rc4+ Kb6 74. Nd6 Ka5 75. Ke5 Kb6 76. Kd5 Ka7 77. Kc6 Ka8 78. Ra4+ Kb8
79. Nb7 Kc8 80. Ra8# 1-0

[Event "Retro WM 84 Glasgow"]
[Site "Salzgitter"]
[Date "2020.03.10"]
[Round "22"]
[White "SciSys Turbostar 432 KSO , 4 MHz"]
[Black "Chafitz ARB 4.0 50 S TM , 16 MHz"]
[Result "0-1"]
[WhiteElo "1770"]
[BlackElo "1885"]
[PlyCount "72"]

1. d4 d5 2. c4 dxc4 3. Nf3 Nf6 4. Qa4+ c6 5. Qxc4 Na6 6. Nc3 Bf5 7. Bf4 e6 8.
e3 Nb4 9. O-O-O b5 10. Qe2 Nfd5 11. Bg3 Qa5 12. Rd2 Nxc3 13. bxc3 Qa3+ 14. Kd1
Nd5 15. Rc2 Qa4 16. Qd2 Bxc2+ 17. Qxc2 Nxc3+ 18. Kd2 Qxc2+ 19. Kxc2 Nxa2 20.
Kb2 Nb4 21. Be2 a5 22. Rc1 a4 23. Ne5 a3+ 24. Ka1 Nd5 25. Nxc6 b4 26. Bf3 b3
27. Rc4 a2 28. Na7 Rxa7 29. Rc8+ Kd7 30. Rb8 Bb4 31. Rxb4 Nxb4 32. Be5 Ra3 33.
Bc6+ Kxc6 34. d5+ exd5 35. Bxg7 Nc2+ 36. Kb2 a1=Q# 0-1

[Event "Retro WM 84 Glasgow"]
[Site "Salzgitter"]
[Date "2020.03.10"]
[Round "3"]
[White "Chafitz ARB 4.0 50 S TM , 16 MHz"]
[Black "SciSys Turbostar 432 KSO , 4 MHz"]
[Result "0-1"]
[WhiteElo "1885"]
[BlackElo "1770"]
[PlyCount "114"]

1. e4 e5 2. f4 exf4 3. Nf3 d5 4. exd5 Nf6 5. Bb5+ c6 6. dxc6 Nxc6 7. Nc3 Bb4 8.
Qe2+ Be6 9. Ne5 Qd6 10. Rf1 Nd7 11. Nxd7 Kxd7 12. Qe4 g5 13. h4 f5 14. Qf3 Rae8
15. Be2 Bc4 16. Kd1 Bxe2+ 17. Nxe2 h6 18. c3 Ba5 19. b4 Bb6 20. b5 Nd8 21. Qh5
Qd5 22. Rf3 Qxb5 23. Rf1 Qa4+ 24. Ke1 Rxe2+ 25. Qxe2 Re8 26. Qxe8+ Kxe8 27.
hxg5 hxg5 28. d3 Qc2 29. Bd2 Qxd3 30. Rf3 Qe4+ 31. Kf1 Kf8 32. Re1 Qd5 33. Re2
Qxa2 34. Be1 Qc4 35. Rh3 Nc6 36. Rh7 Qd3 37. Rh3 Be3 38. Rh7 b6 39. Rc7 Qd6 40.
Rh7 Kg8 41. Rh5 Qg6 42. Rh2 Ne5 43. Rh3 Qf7 44. Bd2 g4 45. Rh6 Bxd2 46. Rxd2
Kg7 47. Rh1 Qc4+ 48. Kg1 Qxc3 49. Rd1 f3 50. Rh2 Qe3+ 51. Kh1 f2 52. Rh5 g3 53.
Rf1 Qe2 54. Rg5+ Kh6 55. Rxg3 Qxf1+ 56. Kh2 Qg1+ 57. Kh3 Qh1# 0-1

[Event "Retro WM 84 Glasgow"]
[Site "Salzgitter"]
[Date "2020.03.12"]
[Round "37"]
[White "Novag SuperConst. TM , 16 MHz"]
[Black "Chafitz ARB 4.0 50 S TM , 16 MHz"]
[Result "1/2-1/2"]
[WhiteElo "1950"]
[BlackElo "1885"]
[PlyCount "115"]

1. e4 e6 2. d4 d5 3. Nc3 Bb4 4. e5 c5 5. a3 Bxc3+ 6. bxc3 Ne7 7. a4 Nbc6 8. Nf3
Qa5 9. Bd2 Bd7 10. g3 O-O 11. Bg2 f6 12. c4 Nb4 13. cxd5 exd5 14. c4 dxc4 15.
exf6 Rxf6 16. O-O Bg4 17. Bg5 Rf7 18. h3 Bxf3 19. Bxf3 Ned5 20. Bg4 Re8 21. Re1
Rff8 22. Rxe8 Rxe8 23. Bd7 Rf8 24. Rc1 c3 25. Qh5 Qc7 26. Be6+ Kh8 27. dxc5
Qxc5 28. Be3 Qc6 29. Bf5 Nf6 30. Qh4 a5 31. Bg6 Kg8 32. Bf5 b6 33. Bg5 h6 34.
Be3 Nfd5 35. Be4 Qe6 36. Re1 Rc8 37. Bc1 Qd7 38. Rd1 c2 39. Rd4 Qe6 40. Kg2 Kh8
41. Kh2 Qf7 42. Kg2 Rc5 43. Qg4 Rc3 44. Qh4 Qd7 45. Qh5 Rc5 46. Qg6 Kg8 47.
Qh7+ Kf7 48. Bg6+ Kf6 49. Bb2 Ke7 50. Qxg7+ Kd8 51. Qg8+ Kc7 52. Bc1 Qxa4 53.
Bf5 Qc6 54. Qc8+ Kd6 55. Qf8+ Kc7 56. Qc8+ Kd6 57. Qf8+ Kc7 58. Qc8+ 1/2-1/2

[Event "Retro WM 84 Glasgow"]
[Site "Salzgitter"]
[Date "2020.03.13"]
[Round "18"]
[White "Chafitz ARB 4.0 50 S TM , 16 MHz"]
[Black "Novag SuperConst. TM , 16 MHz"]
[Result "1/2-1/2"]
[WhiteElo "1885"]
[BlackElo "1950"]
[PlyCount "108"]

1. e4 e5 2. Nf3 Nc6 3. Bc4 Bc5 4. c3 Nf6 5. d4 exd4 6. cxd4 Bb4+ 7. Bd2 Bxd2+
8. Nbxd2 Nxe4 9. Nxe4 d5 10. Qe2 O-O 11. Bxd5 Qxd5 12. Nc3 Qd8 13. O-O-O Bg4
14. d5 Nb4 15. Rhe1 c6 16. Qc4 Bxf3 17. gxf3 Nxd5 18. Nxd5 cxd5 19. Rxd5 Rc8
20. Rc5 b6 21. Rxc8 Qxc8 22. Qxc8 Rxc8+ 23. Kd2 Kf8 24. h4 h6 25. Kd3 g6 26.
Re4 Rc5 27. Rd4 Ke7 28. Rc4 Kd6 29. Rxc5 Kxc5 30. Ke4 Kd6 31. b4 b5 32. f4 Ke6
33. Kd4 Kf5 34. Kc5 Kxf4 35. Kxb5 Kf3 36. Ka6 Kxf2 37. b5 g5 38. hxg5 hxg5 39.
Kxa7 g4 40. b6 g3 41. b7 g2 42. b8=Q g1=Q 43. Qb6+ Kf1 44. Qxg1+ Kxg1 45. a4 f5
46. a5 f4 47. a6 f3 48. Kb6 f2 49. a7 f1=Q 50. a8=Q Qf2+ 51. Kb5 Qe2+ 52. Kc5
Qf2+ 53. Kc4 Qe2+ 54. Kd4 Qd2+ 1/2-1/2

[Event "Retro WM 84 Glasgow"]
[Site "Salzgitter"]
[Date "2020.03.14"]
[Round "10"]
[White "Chafitz ARB 4.0 50 S TM , 16 MHz"]
[Black "Conchess T6 Glasgow , 5,5 MHz"]
[Result "0-1"]
[WhiteElo "1885"]
[BlackElo "1898"]
[PlyCount "170"]

1. Nf3 d5 2. c4 d4 3. g3 c5 4. Bg2 Nc6 5. d3 e5 6. O-O Nf6 7. e3 Bd6 8. exd4
cxd4 9. Bd2 O-O 10. Na3 Bxa3 11. bxa3 Bf5 12. Qb3 Qd7 13. Rfe1 Qc7 14. Rab1
Rab8 15. Nh4 Bd7 16. f4 Rfe8 17. fxe5 Nxe5 18. Bg5 Nfg4 19. h3 Nf6 20. Bxf6
gxf6 21. Kh2 a5 22. a4 Bc6 23. Bd5 Bxd5 24. cxd5 Qc3 25. Qxc3 dxc3 26. Rec1
Nxd3 27. Rxc3 Re2+ 28. Ng2 Nb4 29. d6 Rxa2 30. d7 Rf8 31. Rc7 Rxa4 32. Rxb7 Ra2
33. Rf1 Kg7 34. Rd1 Rd8 35. Rb6 Rc2 36. Rbd6 Nc6 37. Kh1 Ne5 38. Nf4 Kf8 39.
R6d5 Ra2 40. g4 a4 41. g5 Nf3 42. Ng2 fxg5 43. Rf1 Nd2 44. Rd1 Ne4 45. Rc1 Nf6
46. Rc8 Ke7 47. Rxg5 Kxd7 48. Rc1 Rb8 49. Ra5 Rb7 50. Rd1+ Ke7 51. Re1+ Kf8 52.
Ra8+ Kg7 53. Re5 Rb1+ 54. Kh2 Rbb2 55. Rg5+ Kh6 56. Rg3 Nh5 57. Ra6+ f6 58. Rg4
a3 59. Ra7 Rb3 60. Rh4 Rf2 61. Ra5 f5 62. Kg1 Rff3 63. Kh2 Rb2 64. Rha4 Rff2
65. Ra6+ Kg7 66. Ra7+ Kg6 67. R7a6+ Nf6 68. Rxa3 Rxg2+ 69. Kh1 f4 70. Rf3 Rge2
71. Kg1 Re1+ 72. Rf1 Rxf1+ 73. Kxf1 Rb3 74. Ra4 Kf5 75. Ra5+ Ke4 76. Ra6 Kf3
77. Ke1 Ne4 78. Ra1 Re3+ 79. Kf1 Nd2+ 80. Kg1 Kg3 81. Kh1 f3 82. Rg1+ Kxh3 83.
Ra1 f2 84. Rg1 Re1 85. Rxe1 fxe1=Q# 0-1

[Event "Retro WM 84 Glasgow"]
[Site "Salzgitter"]
[Date "2020.03.15"]
[Round "29"]
[White "Conchess T6 Glasgow , 5,5 MHz"]
[Black "Chafitz ARB 4.0 50 S TM , 16 MHz"]
[Result "1/2-1/2"]
[WhiteElo "1898"]
[BlackElo "1885"]
[PlyCount "112"]

1. e4 e5 2. Bc4 Nf6 3. d3 c6 4. Nf3 d5 5. Bb3 Bd6 6. Nc3 d4 7. Ne2 O-O 8. Ng3
Na6 9. Bg5 Nc5 10. c3 Nxb3 11. Qxb3 h6 12. Bd2 b6 13. cxd4 exd4 14. O-O Bg4 15.
Nh4 Be6 16. Qa4 Ng4 17. Nf3 c5 18. Qc6 Rc8 19. Qb7 Rb8 20. Qa6 Qe7 21. b4 Qd7
22. a3 Qe7 23. Rac1 Bc8 24. Qa4 Qd7 25. Qxd7 Bxd7 26. h3 Bxg3 27. fxg3 Ne3 28.
Rfe1 Bb5 29. Bxe3 dxe3 30. Rxe3 Rfd8 31. Rc3 cxb4 32. axb4 a5 33. bxa5 bxa5 34.
d4 a4 35. d5 f5 36. Nd4 fxe4 37. Rxe4 Rxd5 38. Nxb5 Rdxb5 39. Rxa4 Rb1+ 40. Kh2
R1b2 41. Rc7 Re2 42. Raa7 Rbb2 43. Rxg7+ Kf8 44. Rgd7 Ke8 45. h4 h5 46. Rd5
Rxg2+ 47. Kh1 Rge2 48. Ra1 Rh2+ 49. Kg1 Rhg2+ 50. Kf1 Rgf2+ 51. Ke1 Rg2 52.
Ra8+ Ke7 53. Kf1 Rbf2+ 54. Ke1 Rb2 55. Kf1 Rbf2+ 56. Ke1 Rb2 1/2-1/2

[Event "Retro WM 84 Glasgow"]
[Site "Salzgitter"]
[Date "2020.03.22"]
[Round "30"]
[White "Chafitz ARB 4.0 50 S TM , 16 MHz"]
[Black "Fidelity Elegance TM , 12 MHz"]
[Result "0-1"]
[WhiteElo "1885"]
[BlackElo "1910"]
[PlyCount "168"]

1. d4 Nf6 2. c4 g6 3. g3 d5 4. Bg2 Bg7 5. Nf3 O-O 6. O-O c6 7. cxd5 cxd5 8. Nc3
Ne4 9. Ne5 Nxc3 10. bxc3 Nc6 11. Nxc6 bxc6 12. Qa4 Qb6 13. Ba3 Qa6 14. Qxa6
Bxa6 15. Rfe1 Rfb8 16. e4 e6 17. e5 Bd3 18. Rad1 Bc4 19. Rd2 Rb7 20. Bd6 a5 21.
f4 a4 22. a3 Ra5 23. Bb4 Ra8 24. Rb2 Rab8 25. Bf1 Bf8 26. Bxc4 dxc4 27. Rc2 Rb5
28. Rd1 Kg7 29. h3 Rd5 30. Rdd2 Rbd8 31. Bxf8+ Kxf8 32. Re2 Rb8 33. Rc1 Rb3 34.
Ra2 h5 35. g4 h4 36. Kh2 c5 37. dxc5 Rxc5 38. Kg2 Rd5 39. Rcc2 Rd3 40. Rab2
Rg3+ 41. Kh2 Rf3 42. Kg2 Rxf4 43. Rxb3 cxb3 44. Rd2 Ke7 45. Rd3 Rc4 46. Rf3 b2
47. Rf1 Rxc3 48. Rb1 Rc2+ 49. Kf3 f6 50. exf6+ Kxf6 51. Ke4 Rh2 52. Kf4 g5+ 53.
Ke4 Rxh3 54. Rxb2 Rxa3 55. Rf2+ Ke7 56. Rc2 Rb3 57. Ra2 a3 58. Kd4 Rb4+ 59. Kc5
Ra4 60. Kb5 Ra8 61. Kc4 Kd6 62. Kb3 Ke5 63. Re2+ Kf4 64. Ka2 e5 65. Re1 Ra5 66.
Rg1 h3 67. Rc1 Kxg4 68. Rg1+ Kf5 69. Rf1+ Ke4 70. Rg1 Kf4 71. Rf1+ Kg3 72. Rg1+
Kh4 73. Rc1 g4 74. Rc2 g3 75. Rc4+ Kg5 76. Rc8 g2 77. Rc7 Kf6 78. Rc6+ Kf5 79.
Rc8 g1=Q 80. Rf8+ Ke4 81. Rc8 Qf2+ 82. Kb3 Qb2+ 83. Kc4 Rb5 84. Rg8 Qb4# 0-1

[Event "Retro WM 84 Glasgow"]
[Site "Salzgitter"]
[Date "2020.03.24"]
[Round "11"]
[White "Fidelity Elegance TM , 12 MHz"]
[Black "Chafitz ARB 4.0 50 S TM , 16 MHz"]
[Result "1/2-1/2"]
[WhiteElo "1910"]
[BlackElo "1885"]
[PlyCount "91"]

1. e4 c6 2. d4 d5 3. Nc3 dxe4 4. Nxe4 Bf5 5. Ng3 Bg6 6. h4 h6 7. Nf3 Nd7 8. h5
Bh7 9. Bd3 Bxd3 10. Qxd3 Qc7 11. Bd2 e6 12. Qe2 Ngf6 13. c4 Bd6 14. Nf5 O-O 15.
Nxd6 Qxd6 16. O-O-O c5 17. Be3 Qc6 18. dxc5 Nxc5 19. Kb1 Rad8 20. Rd4 Rxd4 21.
Bxd4 Nfe4 22. Ne5 Qa4 23. Rh4 f5 24. Bxc5 Nxc5 25. Rd4 b6 26. Ng6 Re8 27. f3
Kh7 28. Qe3 Nd7 29. b3 Qc6 30. Rd2 Qb7 31. Rd6 Nc5 32. b4 Qb8 33. Qe5 Na6 34.
Nf4 Qc7 35. c5 Nxb4 36. Nxe6 Qf7 37. cxb6 axb6 38. Rxb6 Nxa2 39. Qxg7+ Qxg7 40.
Nxg7 Re2 41. Nxf5 Nc3+ 42. Kc1 Na2+ 43. Kd1 Nc3+ 44. Kc1 Na2+ 45. Kd1 Nc3+ 46.
Kc1 1/2-1/2

[Event "Retro WM 84 Glasgow"]
[Site "Salzgitter"]
[Date "2020.03.28"]
[Round "8"]
[White "Chafitz ARB 4.0 50 S TM , 16 MHz"]
[Black "Meph. Excalibur O Serie , 8 MHz"]
[Result "1-0"]
[WhiteElo "1885"]
[BlackElo "1750"]
[PlyCount "77"]

1. e4 e5 2. f4 exf4 3. Nf3 d6 4. d4 g5 5. d5 Bg7 6. Nd4 Bd7 7. Nc3 Nf6 8. Be2
Qe7 9. Nf5 Bxf5 10. exf5 f3 11. gxf3 h6 12. Rg1 Nbd7 13. f4 Nh7 14. Rg3 Bxc3+
15. Rxc3 O-O-O 16. Be3 Nc5 17. fxg5 hxg5 18. Bd4 f6 19. Re3 Qd7 20. b4 Na4 21.
Bxa7 c5 22. dxc6 Qxc6 23. c4 Qa6 24. Bd4 Nb6 25. Qb3 Nd7 26. Re7 Nhf8 27. c5
Qa7 28. cxd6 Qxd4 29. Qc2+ Nc5 30. Qxc5+ Qxc5 31. bxc5 Nd7 32. Rb1 Rxh2 33. Bf3
b6 34. c6 Ne5 35. Rc7+ Kb8 36. Rxb6+ Ka8 37. Ra6+ Kb8 38. Rb7+ Kc8 39. Ra8# 1-0

[Event "Retro WM 84 Glasgow"]
[Site "Salzgitter"]
[Date "2020.03.29"]
[Round "27"]
[White "Meph. Excalibur O Serie , 8 MHz"]
[Black "Chafitz ARB 4.0 50 S TM , 16 MHz"]
[Result "0-1"]
[WhiteElo "1750"]
[BlackElo "1885"]
[PlyCount "98"]

1. Nf3 d5 2. d4 Nf6 3. c4 dxc4 4. e3 b5 5. a4 c6 6. axb5 cxb5 7. b3 Be6 8. bxc4
Bxc4 9. Bxc4 bxc4 10. Qa4+ Nbd7 11. Na3 c3 12. Qc6 Rc8 13. Qa4 e6 14. Nb5 a5
15. Na7 Rc7 16. Nb5 Rc6 17. Na7 Ra6 18. Nc6 Qa8 19. Nxa5 Bd6 20. O-O Bc7 21.
Qc2 Bxa5 22. Ba3 Bb4 23. Bxb4 Rxa1 24. Qxc3 Rxf1+ 25. Kxf1 Nd5 26. Qa3 Qxa3 27.
Bxa3 N7f6 28. Ke2 Nc3+ 29. Ke1 h5 30. h4 Nfe4 31. Ne5 Nb5 32. Bc5 f6 33. Ng6
Rh6 34. Nf4 e5 35. Nd5 f5 36. Ne7 Nxc5 37. Nxf5 exd4 38. Nxh6 gxh6 39. Kd2 d3
40. f3 Nd6 41. e4 Nc4+ 42. Kc3 d2 43. Kc2 Na4 44. f4 Nab2 45. Kc3 d1=Q 46. e5
Qd2+ 47. Kb3 Nb6 48. f5 Nd3 49. f6 Qb2# 0-1

[Event "Retro WM 84 Glasgow"]
[Site "Salzgitter"]
[Date "2020.03.29"]
[Round "6"]
[White "Chafitz ARB 4.0 50 S TM , 16 MHz"]
[Black "Meph. Excalibur X NY , 8 MHz"]
[Result "1-0"]
[WhiteElo "1885"]
[BlackElo "1750"]
[PlyCount "111"]

1. c4 c5 2. Nc3 e6 3. Nf3 Nc6 4. d3 d5 5. cxd5 exd5 6. e4 d4 7. Ne2 Be6 8. Nf4
Qa5+ 9. Bd2 Qa6 10. Nxe6 fxe6 11. Qb3 Na5 12. Qa3 Nc6 13. Qxa6 bxa6 14. Ng5 e5
15. Ne6 Kd7 16. Nxf8+ Rxf8 17. Be2 Rb8 18. Rb1 Nf6 19. f3 Nb4 20. f4 Nc2+ 21.
Kd1 Na3 22. Rc1 Rxb2 23. fxe5 Nb1 24. exf6 Rxd2+ 25. Ke1 Rxe2+ 26. Kxe2 Nc3+
27. Rxc3 dxc3 28. fxg7 Rg8 29. Rc1 Rxg7 30. g3 Kd6 31. Rxc3 Rg6 32. Rb3 Rh6 33.
h4 Rg6 34. Kf3 Ke5 35. Rb7 h5 36. Rh7 Kd4 37. Rxh5 Rd6 38. g4 a5 39. Kf4 Rd7
40. Rf5 Rd6 41. h5 Rc6 42. Rd5+ Kc3 43. e5 a4 44. Rd6 Rc7 45. e6 a5 46. Rd7 Rc8
47. Rd5 a3 48. e7 c4 49. Rd8 Rc5 50. e8=Q cxd3 51. Qe1+ Kb2 52. Rb8+ Kc2 53.
Qf2+ Kd1 54. Rb1+ Rc1 55. Ke3 Rxb1 56. Qd2# 1-0

[Event "Retro WM 84 Glasgow"]
[Site "Salzgitter"]
[Date "2020.03.29"]
[Round "25"]
[White "Meph. Excalibur X NY , 8 MHz"]
[Black "Chafitz ARB 4.0 50 S TM , 16 MHz"]
[Result "0-1"]
[WhiteElo "1750"]
[BlackElo "1885"]
[PlyCount "74"]

1. e4 e6 2. d4 d5 3. exd5 exd5 4. Bd3 Bd6 5. Nc3 c6 6. Nf3 Nf6 7. Qe2+ Be6 8.
Bf5 Qe7 9. Bxe6 fxe6 10. O-O O-O 11. Re1 Re8 12. Ng5 e5 13. Qd1 e4 14. f3 Qc7
15. g3 h6 16. fxe4 Bxg3 17. hxg3 Qxg3+ 18. Kf1 Ng4 19. Be3 Rf8+ 20. Nf3 Rxf3+
21. Qxf3 Qxf3+ 22. Kg1 Qg3+ 23. Kf1 Nxe3+ 24. Rxe3 Qxe3 25. exd5 Qf3+ 26. Kg1
cxd5 27. Nb5 g5 28. Rf1 Qg4+ 29. Kf2 Nc6 30. c3 Rf8+ 31. Ke1 Re8+ 32. Kd2 Qe2+
33. Kc1 Qxf1+ 34. Kc2 Na5 35. c4 Re2+ 36. Kc3 Qe1+ 37. Kd3 dxc4# 0-1

[Event "Retro WM 84 Glasgow"]
[Site "Salzgitter"]
[Date "2020.03.29"]
[Round "26"]
[White "Chafitz ARB 4.0 50 S TM , 16 MHz"]
[Black "Meph. Excalibur Y Budapest , 8 MHz"]
[Result "1-0"]
[WhiteElo "1885"]
[BlackElo "1750"]
[PlyCount "161"]

1. e4 c5 2. Nf3 e6 3. d4 cxd4 4. Nxd4 Nf6 5. Nc3 Nc6 6. Ndb5 d6 7. Bc4 a6 8.
Na3 b5 9. Bb3 b4 10. Ba4 Bd7 11. Nab1 bxc3 12. Nxc3 Qb6 13. O-O Be7 14. Bb3 Ne5
15. Be3 Qb4 16. a3 Qb7 17. f3 O-O 18. a4 Bc6 19. Qe2 Rfd8 20. Rad1 d5 21. Bd4
Ng6 22. exd5 Nxd5 23. Nxd5 exd5 24. f4 Qb4 25. f5 Nf8 26. Qe3 f6 27. Bb6 Rd7
28. Rf4 Qd6 29. c4 Rb7 30. cxd5 Bxa4 31. Bxa4 Qxb6 32. Qxb6 Rxb6 33. b3 Rd8 34.
Rc4 Bd6 35. Kh1 Be5 36. Kg1 g6 37. fxg6 hxg6 38. Rc2 Rb4 39. Rc4 Rxc4 40. bxc4
Kf7 41. c5 f5 42. Kh1 Kf6 43. Kg1 Nd7 44. Bxd7 Rxd7 45. d6 Rd8 46. d7 a5 47. c6
a4 48. Rd3 Ke7 49. h4 f4 50. Rd5 Ke6 51. Rxe5+ Kxe5 52. c7 Rxd7 53. c8=Q Rd1+
54. Kh2 Rd4 55. Qe8+ Kf5 56. Qf7+ Ke5 57. Qxg6 Rc4 58. Qg5+ Ke4 59. h5 a3 60.
Qe7+ Kd5 61. Qxa3 Rc8 62. Qd3+ Ke5 63. Qb5+ Kd6 64. Qb4+ Ke6 65. Qxf4 Rc5 66.
Qg4+ Kd5 67. h6 Rc7 68. Qf5+ Kd6 69. h7 Rxh7+ 70. Qxh7 Ke5 71. g4 Kd4 72. Qf5
Ke3 73. Qe5+ Kd3 74. g5 Kd2 75. Qd4+ Kc2 76. g6 Kb3 77. g7 Ka3 78. Kg1 Kb3 79.
g8=Q+ Ka3 80. Qc3+ Ka4 81. Qgc4# 1-0

[Event "Retro WM 84 Glasgow"]
[Site "Salzgitter"]
[Date "2020.03.30"]
[Round "7"]
[White "Meph. Excalibur Y Budapest , 8 MHz"]
[Black "Chafitz ARB 4.0 50 S TM , 16 MHz"]
[Result "1/2-1/2"]
[WhiteElo "1750"]
[BlackElo "1885"]
[PlyCount "65"]

1. d4 d5 2. c4 e6 3. Nf3 Nf6 4. Bg5 Be7 5. Nc3 O-O 6. e3 Nbd7 7. Rc1 c6 8. Bd3
dxc4 9. Bxc4 Nd5 10. Bxe7 Qxe7 11. O-O Nxc3 12. Rxc3 e5 13. Qc2 e4 14. Nd2 Nf6
15. f3 exf3 16. Rxf3 Bg4 17. Rg3 Rfd8 18. a4 a5 19. Bd3 h5 20. h3 Qc7 21. Kf2
h4 22. Bh7+ Kh8 23. Rxg4 Nxg4+ 24. hxg4 g6 25. Bxg6 fxg6 26. Qxg6 Qg3+ 27. Kg1
Qe1+ 28. Nf1 Rf8 29. Qh6+ Kg8 30. Qg5+ Kh8 31. Qh6+ Kg8 32. Qg6+ Kh8 33. Qh6+
1/2-1/2

[Event "Retro WM 84 Glasgow"]
[Site "Salzgitter"]
[Date "2020.03.30"]
[Round "4"]
[White "Chafitz ARB 4.0 50 S TM , 16 MHz"]
[Black "Fidelity EAS A-E Glasgow TM , 10 MHz"]
[Result "1/2-1/2"]
[WhiteElo "1885"]
[BlackElo "1910"]
[PlyCount "131"]

1. d4 Nf6 2. Nf3 b6 3. Nc3 Bb7 4. e3 e6 5. Bd3 Be7 6. e4 Bb4 7. Bg5 h6 8. Bxf6
Qxf6 9. Qd2 O-O 10. O-O Qe7 11. a3 Bxc3 12. Qxc3 d6 13. Rfe1 c5 14. Rad1 Nd7
15. Bb5 Nf6 16. dxc5 dxc5 17. e5 Nd5 18. Qd2 Rad8 19. Bd3 Qc7 20. c4 Ne7 21.
Qf4 Ng6 22. Bxg6 Rxd1 23. Rxd1 fxg6 24. Qg4 Qf7 25. Rd6 Bxf3 26. Qxf3 Qxf3 27.
gxf3 Rf5 28. Rd8+ Kh7 29. Rd7 Rxe5 30. Rxa7 Re1+ 31. Kg2 Rb1 32. Re7 Rxb2 33.
Rxe6 g5 34. Kf1 Rc2 35. Rxb6 Rxc4 36. Rc6 Kg8 37. Ke2 Kf7 38. Kd2 Rd4+ 39. Ke2
c4 40. a4 c3 41. a5 Rd2+ 42. Ke1 Rc2 43. h3 Ke7 44. a6 Ra2 45. Kd1 Kd7 46. Rg6
Ke8 47. Rxg7 c2+ 48. Kd2 Rxa6 49. Kxc2 Ra2+ 50. Kd1 Ra1+ 51. Kd2 Rh1 52. f4
gxf4 53. Rg4 Rxh3 54. Rxf4 Rh2 55. Kd3 h5 56. f3 h4 57. Rf6 Rf2 58. Ke3 Rb2 59.
Rh6 Rb4 60. f4 Rb3+ 61. Kf2 h3 62. Rh7 Kf8 63. Kg1 Kg8 64. Rh5 Rf3 65. Kh2 Rxf4
66. Rxh3 1/2-1/2

[Event "Retro WM 84 Glasgow"]
[Site "Salzgitter"]
[Date "2020.03.31"]
[Round "23"]
[White "Fidelity EAS A-E Glasgow TM , 10 MHz"]
[Black "Chafitz ARB 4.0 50 S TM , 16 MHz"]
[Result "1-0"]
[WhiteElo "1910"]
[BlackElo "1885"]
[PlyCount "130"]

1. e4 c6 2. d4 d5 3. Nc3 dxe4 4. Nxe4 Bf5 5. Ng3 Bg6 6. h4 h6 7. Nf3 Nd7 8. h5
Bh7 9. Bd3 Bxd3 10. Qxd3 Qc7 11. Bd2 e6 12. Qe2 Ngf6 13. c4 Bd6 14. Nf5 O-O 15.
Nxd6 Qxd6 16. O-O-O c5 17. Be3 Qc6 18. dxc5 Nxc5 19. Kb1 Rad8 20. Rd4 Rxd4 21.
Bxd4 Nfe4 22. Qc2 b5 23. Ne5 Qd6 24. Rd1 bxc4 25. Bxc5 Nc3+ 26. bxc3 Qxc5 27.
f4 f6 28. Nd7 Qb5+ 29. Kc1 Rf7 30. Qe4 Qa6 31. a4 Qa5 32. Qxc4 Qf5 33. Rd2 Qxh5
34. Qxe6 a5 35. Qe8+ Kh7 36. Nf8+ Kg8 37. Ng6+ Kh7 38. Nh8 Qc5 39. Nxf7 Qxc3+
40. Kd1 Qc4 41. Rf2 h5 42. f5 Qd3+ 43. Ke1 Qb1+ 44. Kd2 Qb2+ 45. Ke3 Qc3+ 46.
Kf4 Qc7+ 47. Ke4 Qc4+ 48. Kf3 Qc3+ 49. Qe3 Qc6+ 50. Qe4 Qc3+ 51. Ke2 Qb2+ 52.
Kf1 Qc1+ 53. Qe1 Qc4+ 54. Kg1 Qxf7 55. Qxa5 Qc4 56. Qa7 Qc1+ 57. Kh2 Qc6 58. a5
Qd6+ 59. Kh3 Qd3+ 60. g3 Qe4 61. Qf7 Qh1+ 62. Rh2 Qf3 63. Qxh5+ Qxh5+ 64. Kg2
Qxh2+ 65. Kxh2 Kh6 1-0

[Event "Retro WM 84 Glasgow"]
[Site "Salzgitter"]
[Date "2020.04.01"]
[Round "37"]
[White "Chafitz ARB 4.0 50 S TM , 24 MHz"]
[Black "Fidelity EAS A-E Glasgow TM , 10 MHz"]
[Result "1-0"]
[WhiteElo "1915"]
[BlackElo "1910"]
[PlyCount "97"]

1. Nf3 f5 2. g3 Nf6 3. Bg2 e6 4. O-O Be7 5. d4 O-O 6. Bg5 Nc6 7. Nc3 d5 8. a4
Bd7 9. Bf4 Ne4 10. Na2 Bd6 11. Bxd6 cxd6 12. Qd3 Qb6 13. b3 Rac8 14. c4 Na5 15.
cxd5 Nxb3 16. Rab1 Bxa4 17. dxe6 d5 18. Rb2 f4 19. Rfb1 fxg3 20. hxg3 Qxe6 21.
Rxb3 Bxb3 22. Qxb3 Rb8 23. Ne5 Rfe8 24. Bxe4 dxe4 25. e3 Rbc8 26. Nc3 Qxb3 27.
Rxb3 a5 28. Nxe4 Rc1+ 29. Kg2 Rc7 30. Rb5 Ra8 31. d5 Ra7 32. d6 Rc1 33. d7 Ra8
34. Rxa5 Rf8 35. Rb5 Rd1 36. Rxb7 Rd5 37. Nc6 Rd3 38. Ng5 Ra8 39. Rc7 Rxd7 40.
Rxd7 Kh8 41. Ne7 g6 42. Nd5 Ra6 43. Rxh7+ Kg8 44. Rf7 Re6 45. f4 Kh8 46. Rf8+
Kg7 47. Nxe6+ Kh7 48. Nf6+ Kh6 49. Rh8# 1-0